The young specialist looks at pond-life / (Record no. 140182)
[ view plain ]
| 000 -LEADER | |
|---|---|
| fixed length control field | 00904cam6a220025300 4500 |
| 001 - CONTROL NUMBER | |
| control field | tmp15381017 |
| 003 - CONTROL NUMBER IDENTIFIER | |
| control field | UPRA |
| 005 - DATE AND TIME OF LATEST TRANSACTION | |
| control field | 20190823084408.0 |
| 008 - FIXED-LENGTH DATA ELEMENTS--GENERAL INFORMATION | |
| fixed length control field | 950801s1973 enk eng u |
| 035 ## - SYSTEM CONTROL NUMBER | |
| System control number | (Sirsi) r54454 |
| 035 ## - SYSTEM CONTROL NUMBER | |
| System control number | (UPRA)tmp15381017 |
| 040 ## - CATALOGING SOURCE | |
| Transcribing agency | UPRA |
| 100 1# - MAIN ENTRY--PERSONAL NAME | |
| Personal name | Englehardt, Wolfgang. |
| Linkage | A13204.1 |
| 245 14 - TITLE STATEMENT | |
| Title | The young specialist looks at pond-life / |
| Statement of responsibility, etc. | tr. by Heather J. Fisher ; ed. and adapted by Roderick C. Fisher. |
| 246 30 - VARYING FORM OF TITLE | |
| Title proper/short title | Pond-life |
| 260 ## - PUBLICATION, DISTRIBUTION, ETC. | |
| Place of publication, distribution, etc. | London : |
| Name of publisher, distributor, etc. | Burke Books, |
| Date of publication, distribution, etc. | 1973. |
| 504 ## - BIBLIOGRAPHY, ETC. NOTE | |
| Bibliography, etc. note | Bibliography: p. 199. |
| 650 #0 - SUBJECT ADDED ENTRY--TOPICAL TERM | |
| Topical term or geographic name entry element | Freshwater ecology. |
| Linkage | S8515.1 |
| 949 ## - LOCAL PROCESSING INFORMATION (OCLC) | |
| a | QH541.5 |
| w | lcc |
| i | 33729000207535 |
| m | MAIN |
| p | 2500 |
| t | BOOK |
| l | ON-SHELF |
| 949 ## - LOCAL PROCESSING INFORMATION (OCLC) | |
| a | QH541.5 |
| w | lcc |
| i | 33729000207592 |
| m | MAIN |
| p | 2500 |
| t | BOOK |
| l | ON-SHELF |
| 949 ## - LOCAL PROCESSING INFORMATION (OCLC) | |
| a | QH541.5 |
| w | lcc |
| i | 33729000207659 |
| m | MAIN |
| p | 2500 |
| t | BOOK |
| l | ON-SHELF |
| 949 ## - LOCAL PROCESSING INFORMATION (OCLC) | |
| a | QH541.5 |
| w | lcc |
| i | 33729000207717 |
| m | MAIN |
| p | 2500 |
| t | BOOK |
| l | ON-SHELF |
No items available.